000 00244nam a22001217a 4500
020 _a978-81-8477-589-1
082 _a001
_bTON/G
245 _aGET THE FACTS INDIA
260 _aNEW YORK
_bSCHOLASTIC
300 _a80
650 _aGK
942 _cBK
999 _c6583
_d6583